NCAA Division 1 schools in North Carolina - Statistics

General Stats
  • This quiz has been taken 1,159 times
    729 since last reset
  • The average score is 12 of 18
Answer Stats
Primary Conference Full name School % Correct
ACC University of North Carolina at Chapel Hill North Carolina
100%
ACC Duke University Duke
96%
ACC North Carolina State University NC State
96%
ACC Wake Forest University Wake Forest
90%
C-USA University of North Carolina at Charlotte Charlotte
79%
American East Carolina University East Carolina
75%
Sun Belt Appalachian State University Appalachian State
73%
Colonial University of North Carolina at Wilmington UNC Wilmington
73%
Southern University of North Carolina at Greensboro UNC Greensboro
69%
Big South University of North Carolina at Asheville UNC Asheville
63%
Big South North Carolina Agricultural and Technical State University North Carolina A&T
55%
Southern Western Carolina University Western Carolina
53%
A10 Davidson College Davidson
50%
Colonial Elon University Elon
47%
MEAC North Carolina Central University North Carolina Central
47%
Big South High Point University High Point
45%
Big South Campbell University Campbell
42%
Big South Gardner–Webb University Gardner–Webb
35%
No matching quizzes found
Score Distribution
Percent of People with Each Score
Percentile by Number Answered
Your Score History
You have not taken this quiz since the last reset